| 000 | 01030cab a2200277 4500 | ||
|---|---|---|---|
| 001 | ABS60699 | ||
| 008 | 090401t1999 xxu||||| |||| 00| 0 eng d | ||
| 035 | _a(Sirsi) u93634 | ||
| 041 | _aeng | ||
| 100 | _aDyton, R. | ||
| 245 | _aAnother fine mess? | ||
| 260 | _c1999 | ||
| 350 | _a0 | ||
| 490 |
_aBuilding _v264(8086) 7 May 1999, 65(1) |
||
| 520 | _aSummarises the main points of the Inland Revenue's new tax scheme, the Construction Industry Scheme (CIS) which replaces the 714 scheme, and is due for implementation on 1 August 1999. The CIS expands the definition of those seen to be 'contractors', and makes employers liable to penalties if there is non-compliance. | ||
| 650 | _aINLAND REVENUE SUBCONTRACTORS TAX DEDUCTION SCHEME | ||
| 650 | _aCIS CERTIFICATES | ||
| 650 | _aCONSTRUCTION INDUSTRY | ||
| 650 | _aCONTRACTORS | ||
| 650 | _aINLAND REVENUE | ||
| 650 | _aINLAND REVENUE SUBCONTRACTORS TAX DEDUCTION SCHEME | ||
| 650 | _aTAX SYSTEM | ||
| 690 | _aTAXATION | ||
| 942 | _n0 | ||
| 948 | _c28/05/1999 | ||
| 999 |
_c59345 _d59345 |
||